| 000 | 00578nam a2200145Ia 4500 | ||
|---|---|---|---|
| 008 | 170221s9999 xx 000 0 und d | ||
| 100 | _aNadeem Khalid | ||
| 245 | _aLoosing Your Best Talent: Can Leadership Retain Employees? The Dilemma of the Banking Sector of Hyderabad Sindh, Pakistan: A Mediation Investigation | ||
| 245 | _cNadeem Khalid, Munwar Hussain Pahi, Umair Ahmed | ||
| 260 | _bInternational Review of Management and Marketing | ||
| 260 | _c2012 | ||
| 300 | _a3 : 3 | ||
| 650 | _xMarketing. | ||
| 856 | _uhttp://www.econjournals.com/index.php/irmm/issue/view/82 | ||
| 999 |
_c314042 _d314042 |
||